000
00462nam a2200157Ia 4500
008
100204s9999 xx 000 0 und d
082
_b
27673
100
_a
कर्वे प्रियदर्शीनी
245
_a
उर्जेच्या शोधात
250
_a
0
260
_c
2007
300
_a
170
630
_a
उर्जेच्या शोधात
730
_a
उर्जेच्या शोधात
942
_c
BOOK
999
_c
472851
_d
472848